Vientos machos /

Magali Velasco Vargas (Jalapa, 1975), escritora mexicana, estudia Danza Contemporánea y Lengua y Literatura Hispanoamericana en la Universidad Veracruzana y el doctorado en Etudes Romanes Ibériques en la Univerisdad de París-La Sorbona. Bailarina y actriz durante los años 1992-2001, período durante...

Ամբողջական նկարագրություն

Պահպանված է:
Մատենագիտական մանրամասներ
Հիմնական հեղինակ: Velasco Vargas, Magali (autor)
Ձևաչափ: Գիրք
Լեզու:իսպաներեն
Հրապարակվել է: Guadalajara, México : Universidad de Guadalajara, 2004, c2004
Շարք:(Concurso Nacional de Cuento Juan José Arreola)
Խորագրեր:
Ցուցիչներ: Ավելացրեք ցուցիչ
Չկան պիտակներ, Եղեք առաջինը, ով նշում է այս գրառումը!

MARC

LEADER 00000nam^a2200000^a^4500
001 000288281
005 20250521000000.0
009 20260310111904.251
020 |a 970-27-0601-7 
037 |a Acervo ITESO - Biblioteca 
041 |a ESP 
082 |a 863.  |b VEL 
100 |a Velasco Vargas, Magali  |e (autor) 
245 1 0 |a Vientos machos /  |c M. Velasco Vargas. 
264 4 |a Guadalajara, México :  |b Universidad de Guadalajara,  |c 2004, c2004 
300 |a 92 p. 
336 |a texto  |b txt  |2 rdacontenido 
337 |a sin mediación  |b n  |2 rdamedio 
338 |a volumen  |b nc  |2 rdasoporte 
440 1 |a (Concurso Nacional de Cuento Juan José Arreola) 
520 |a Magali Velasco Vargas (Jalapa, 1975), escritora mexicana, estudia Danza Contemporánea y Lengua y Literatura Hispanoamericana en la Universidad Veracruzana y el doctorado en Etudes Romanes Ibériques en la Univerisdad de París-La Sorbona. Bailarina y actriz durante los años 1992-2001, período durante el que también es elegida becaria del programa Jóvenes Creadores, del Fondo Nacional para la Cultura y las Artes (FONCA), tanto a nivel estatal en Veracruz (1993-1994) como a nivel nacional (2001-2002), en la modalidad de cuento. Autora de Ayuno de cuentos (1997) y, junto con David Hernández, del ensayo Chisme entre brujas: mentalidad mágico-religiosa de la Nueva España, siglo XVII (1998). Ganadora del III Concurso Nacional de Cuento Juan José Arreola por el volumen Vientos machos (2004), publica El cuento: la casa de lo fantástico (2007), por el que recibiera en 2003 el Premio Internacional Jóvenes Americanistas. 
649 |a XX 
650 |a Cuentos Mexicanos 
650 |a Literatura de Mujeres -  |z México 
650 |a Literatura Mexicana -  |y Siglo XXI 
910 |a Fondo General 
920 |a Impresos - Libros 
930 |a Colección General 
940 |a Literatura 
905 |a 101 
901 |a 0500174949  |b IT1  |c LIT  |i 000054  |u 20250521 
902 |a https://opac.biblio.iteso.mx/vufind/Record/000288281